00601nmm a2200169Ia 4500008004100000020001800041041000800059100003000067245008000097264009100177300001800268490005600286650001400342856005100356942000700407999001700414251105s9999||||xx |||||||||||||||||und|| a9788499803012 aspa aPrats, Joaquín (coord.) 0aGeografía e historia : investigación, innovación y buenas prácticas a[Madrid, España] :bMinisterio de Educación, Cultura y Deporte de España, c2011 a231 páginas aFormación del profesorado. Educación secundaria aEducation uhttps://public.digitaliapublishing.com/a/30200 cCF c93246d93246